00630nam a2200193 a 45000010005000000030009000050080041000140200015000550400028000700820017000981000037001152450039001522600036001913000010002276500031002379420012002689990017002809520139002977590CO-ViMGA141112s2004 ck r 000 u spa d a8472482448 aCO-ViMGAbspacCO-ViMGA04a346.066 V1971 aVazquez Cueto, Jose Carlos9697310aRegimen juridico de la autocartera aMadrid : bMarcial Pons, c1995 a615 p14aSOCIEDADES (DERECHO)94073 2ddccBK c19536d19536 00102ddc40708002aMEVIECARbMEVIECARd2015-12-04h11/jun/2009l0o346.066 V197 p04087r2015-12-04 00:00:00tEj. 1w2015-12-04yBK